000 01120nam0a22002771 4500
001 rc\3361186
005 20220118173731.0
021 _aRU
_bРг11244-70
021 _aRU
_b70-47629
035 _a(NLR Aleph) 007441978
090 _a7125207
_c7125207
100 _a20130115d1970 |||y0rusy50 ca
101 0 _arus
102 _aRU
105 _ay j |||||
200 1 _aСоциально-психологические основы работы с молодежью
_e(Тезисы лекции)
_f[В.Т. Лисовский, к. ф. н.]
_gВДНХ. Темат. выставка "Опыт планирования соц. развития производств. коллективов Ленинграда и Ленингр. обл.
210 _aЛенинград
_aМосква
_cБ. и.
_d1970
215 _a7 с.
_d20
309 _aОтпеч. множит. аппаратом
700 1 _aЛисовский
_bВ. Т.
_f1929-2002
_gВладимир Тимофеевич
801 0 _aRU
_bNLR
_gpsbo
801 1 _aRU
_bELAR
_2rusmarc
852 _aNLR
_j70-4/14764
942 _cBOOK
980 _aNB